Tax changes for company cars (Record no. 66661)
[ view plain ]
| 000 -LEADER | |
|---|---|
| fixed length control field | 00546cam a2200193 4500 |
| 001 - CONTROL NUMBER | |
| control field | Abs63618 |
| 008 - FIXED-LENGTH DATA ELEMENTS--GENERAL INFORMATION | |
| fixed length control field | 000000n2000 000 0 eng u |
| 035 ## - SYSTEM CONTROL NUMBER | |
| System control number | (Sirsi) u111858 |
| 100 ## - MAIN ENTRY--PERSONAL NAME | |
| Personal name | Cockburn, R. |
| 245 ## - TITLE STATEMENT | |
| Title | Tax changes for company cars |
| 260 ## - PUBLICATION, DISTRIBUTION, ETC. | |
| Date of publication, distribution, etc. | 2000 |
| 490 ## - SERIES STATEMENT | |
| Series statement | Chartered Secretary |
| Volume/sequential designation | December 2000, 25(1) |
| 520 ## - SUMMARY, ETC. | |
| Summary, etc. | Recent changes to the tax and national insurance rules on company cars. |
| 650 ## - SUBJECT ADDED ENTRY--TOPICAL TERM | |
| Topical term or geographic name entry element | COMPANY CARS |
| 650 ## - SUBJECT ADDED ENTRY--TOPICAL TERM | |
| Topical term or geographic name entry element | MILEAGE ALLOWANCES |
| 650 ## - SUBJECT ADDED ENTRY--TOPICAL TERM | |
| Topical term or geographic name entry element | LEASING ARRANGEMENTS |
| 690 ## - LOCAL SUBJECT ADDED ENTRY--TOPICAL TERM (OCLC, RLIN) | |
| Topical term or geographic name as entry element | TAXATION |
| 942 ## - ADDED ENTRY ELEMENTS (KOHA) | |
| Suppress in OPAC | 0 |
| Withdrawn status | Lost status | Source of classification or shelving scheme | Damaged status | Not for loan | Home library | Current library | Shelving location | Date acquired | Total Checkouts | Full call number | Barcode | Date last seen | Copy number | Price effective from | Koha item type |
|---|---|---|---|---|---|---|---|---|---|---|---|---|---|---|---|
| Dewey Decimal Classification | London | London | Journal article | 05/04/2001 | ABS63618 | 111858-1001 | 06/08/2019 | 1 | 06/08/2019 | Journal article |